| 000 | 00487 a2200193 4500 | ||
|---|---|---|---|
| 005 | 20240715135403.0 | ||
| 008 | 240712b |||||||| |||| 00| 0 eng d | ||
| 020 |
_a9789356092327 _cRs. 595.00 |
||
| 040 | _aMAIN | ||
| 082 |
_a005.7 _bB469B |
||
| 100 | _aBhaskar, T | ||
| 245 | _aBig data: Principles and practices | ||
| 260 |
_bArihant Books _aNew Delhi _c2023 |
||
| 300 | _avi, 260 | ||
| 650 | _aComputer Science | ||
| 650 | _aBig Data | ||
| 650 | _aData Analysis | ||
| 942 | _cBK | ||
| 999 |
_c310815 _d310815 |
||